000 00860nas a2200277 4500
001 BR2013002521
003 BR-BrBNA
005 20231205122114.0
007 ta
008 230509b bl.|||p| |||| 00| 00por d
040 _aBR-BrBNA
_bpor
_cBiblioteca Nacional de Agricultura
041 _a(Pt)
072 _aE71
100 1 _aSiqueira, K.B.
100 1 _aBarros, R. de C.
100 1 _aMelor, N.R. de
100 1 _aGama, D.A.
245 1 _aCompetitividade do leite em pó integral brasileiro
650 _aLEITE EM PÓ
650 _aEXPORTAÇÃO
650 _aBALANÇO COMERCIAL
773 0 _tRevista de Política Agrícola (Brazil)
_xISSN 1413-4969
_g(jul-sep 2012), v. 21(3) p. 19-32
_wBR2013002521
856 4 _uRPA_2012_3_Baixa_res.pdf#p.20-33
_yRecurso eletrônico (PDF)
909 _a202311
_bLúcia
_c55
_dLúcia Elande
942 _2AGRIS
_n0
_cANA
999 _c226955
_d226955